| 000 | 00541ngm a2200169 4500 | ||
|---|---|---|---|
| 008 | s2000 fr fre u | ||
| 040 | _aLB-BrCRDP | ||
| 082 | 1 |
_a540 _bSEC |
|
| 245 | 1 | 0 |
_aSécuchimie (CD) _bconnaître les risques, manipuler en sécurité et préserver l'environnement |
| 260 |
_aParis _bscérén _c2000 |
||
| 260 |
_aGrenoble _bCRDP de l'académie de Grenoble _c2000 |
||
| 490 | 0 | _aBanques pédagogiques | |
| 650 | 4 | _achimie | |
| 650 | 4 | _alaboratoire | |
| 942 | _cVM | ||
| 999 |
_c10307 _d10307 |
||